| 000 | 00692nam a2200193 i 4500 | ||
|---|---|---|---|
| 001 | 91089 | ||
| 003 | ES-MaACL | ||
| 005 | 20230906180632.0 | ||
| 007 | t| | ||
| 008 | 050127s1958 sp ||||1| spa d | ||
| 100 | 1 |
_aLeriche, René. _971771 |
|
| 245 | 1 | 0 |
_aRecuerdos de mi vida _b: memorias del Cirujano del Dolor / _cRené Leriche ; prólogo de P. Lain Entralgo ; versión española de Rafael Thomas Mendaza. |
| 260 |
_aMadrid : _bCultura Clásica y Moderna, _c1958 ( _fTejario) |
||
| 300 |
_a310 p., 7 lám. ; _c19 cm. |
||
| 700 | 1 |
_aLaín Entralgo, Pedro, _d1908-2001 _969681 |
|
| 700 | 0 |
_aMendoza, Rafael Thomas. _980256 |
|
| 852 |
_aES-MaACL _jC-14892 _bR.42940 |
||
| 999 |
_c91089 _d91089 |
||